General chemistry in the laboratory
Contents: Scientific measurements; Mass and volume relationships; A cycle of copper reactions; Determination of a chemical formula by titration...
محفوظ في:
| المؤلف الرئيسي: | |
|---|---|
| التنسيق: | كتاب |
| اللغة: | Undetermined |
| منشور في: |
New York
Freeman
1991
|
| الموضوعات: | |
| الوسوم: |
إضافة وسم
لا توجد وسوم, كن أول من يضع وسما على هذه التسجيلة!
|
| Thư viện lưu trữ: | Trung tâm Học liệu Trường Đại học Cần Thơ |
|---|
| LEADER | 00856nam a2200229Ia 4500 | ||
|---|---|---|---|
| 001 | CTU_186874 | ||
| 008 | 210402s9999 xx 000 0 und d | ||
| 082 | |a 540 | ||
| 082 | |b R645 | ||
| 100 | |a Roberts, Julian L. | ||
| 245 | 0 | |a General chemistry in the laboratory | |
| 245 | 0 | |c Julian L. Roberts, J. Leland Hollenberg, James M. Postma | |
| 260 | |a New York | ||
| 260 | |b Freeman | ||
| 260 | |c 1991 | ||
| 520 | |a Contents: Scientific measurements; Mass and volume relationships; A cycle of copper reactions; Determination of a chemical formula by titration... | ||
| 526 | |a Anh Văn chuyên ngành Sư phạm Hóa | ||
| 526 | |b SP191 | ||
| 650 | |a Chemistry,Hóa học | ||
| 650 | |x Laboratory manuals,Hướng dẫn sử dụng phòng thí nghiệm | ||
| 904 | |i Giang | ||
| 980 | |a Trung tâm Học liệu Trường Đại học Cần Thơ | ||